[Event "15. Sparkassen Open 2016 - Gruppe B"]
[Site "Forchheim"]
[Date "2016.10.02"]
[Round "3.49"]
[White "Baumgärtner, Frank"]
[Black "Seifert, Heinz"]
[Result "1-0"]
[WhiteElo "1823"]
[BlackElo "1650"]
[PlyCount "92"]
[EventDate "2016.??.??"]
[WhiteTeam "Kronacher SK"]
[BlackTeam "SV Lauf"]

1. d4 Nf6 2. Nf3 g6 3. Nbd2 Bg7 4. e4 d6 5. h3 O-O 6. Bd3 Nbd7 7. O-O e5 8. c3
Re8 9. Re1 Nf8 10. d5 h6 11. Nf1 N8h7 12. Ng3 Rf8 13. Qc2 Ne8 14. Bd2 Ng5 15.
Nxg5 hxg5 16. Qc1 g4 17. hxg4 Bxg4 18. Bg5 f6 19. Bd2 f5 20. Bg5 Bf6 21. Bxf6
Qxf6 22. f3 f4 23. Nh1 Bh5 24. Kf1 Qg5 25. Kf2 Nf6 26. Rg1 Qh6 27. Be2 g5 28.
Qd1 Rf7 29. Ke1 Rc8 30. Nf2 Rh7 31. Rh1 Qg7 32. Kd2 Kf7 33. Qb3 Rb8 34. Rac1
Qg8 35. Qb4 Rg7 36. Ng4 Bxg4 37. fxg4 Rh7 38. Bf3 Qh8 39. Rxh7+ Qxh7 40. Qa5
Nxe4+ 41. Bxe4 Qxe4 42. Qxc7+ Kg6 43. Qxd6+ Kf7 44. Re1 Qxg2+ 45. Re2 f3 46.
Rxg2 fxg2 1-0

[Event "15. Sparkassen Open 2016 - Gruppe B"]
[Site "Forchheim"]
[Date "2016.10.02"]
[Round "4.1"]
[White "Mönius, Alexander"]
[Black "Meulner, Fabian"]
[Result "0-1"]
[WhiteElo "1893"]
[BlackElo "1870"]
[PlyCount "33"]
[EventDate "2016.??.??"]
[WhiteTeam "SC Höchstadt/Aisch"]
[BlackTeam "SW Nürnberg Süd"]

1. Nf3 d6 2. g3 e5 3. d3 f5 4. Nc3 Nf6 5. e4 Nc6 6. exf5 Bxf5 7. Bg2 Qd7 8. Bd2
Be7 9. Qe2 O-O 10. O-O Rae8 11. Be3 Bg4 12. Qd2 Bh3 13. Bxh3 Qxh3 14. Ng5 Qd7
15. f4 Ng4 16. fxe5 Ngxe5 17. Qe2 0-1

[Event "15. Sparkassen Open 2016 - Gruppe B"]
[Site "Forchheim"]
[Date "2016.10.02"]
[Round "4.2"]
[White "Moses, Selina"]
[Black "Siegl, Melina"]
[Result "1/2-1/2"]
[WhiteElo "1839"]
[BlackElo "1950"]
[PlyCount "56"]
[EventDate "2016.??.??"]
[WhiteTeam "TuS Coswig"]
[BlackTeam "SW Nürnberg Süd"]

1. e4 c5 2. Nf3 e6 3. d4 cxd4 4. Nxd4 Nf6 5. Nc3 d6 6. Be2 a6 7. a4 Nbd7 8. O-O
Nc5 9. f3 Be7 10. Be3 Qa5 11. Nb3 Nxb3 12. cxb3 Bd7 13. Bc4 Bc6 14. Qd2 Rd8 15.
Rfd1 Qh5 16. Ne2 d5 17. Nf4 Qe5 18. exd5 exd5 19. Bd4 Qc7 20. Bd3 O-O 21. Ne2
Nd7 22. Rac1 Ne5 23. Bb1 Bd6 24. h3 Ng6 25. Be3 Rfe8 26. Nd4 Rxe3 27. Qxe3 Bf4
28. Qf2 Bxc1 1/2-1/2

[Event "15. Sparkassen Open 2016 - Gruppe B"]
[Site "Forchheim"]
[Date "2016.10.02"]
[Round "4.3"]
[White "Gebhardt, Christian"]
[Black "Hofmann, Marko"]
[Result "1-0"]
[WhiteElo "1913"]
[BlackElo "1796"]
[PlyCount "47"]
[EventDate "2016.??.??"]
[WhiteTeam "SV Seubelsdorf"]
[BlackTeam "SV Seubelsdorf"]

1. Nf3 d5 2. g3 c5 3. Bg2 Nf6 4. O-O Nc6 5. d4 e6 6. c3 Be7 7. Nbd2 cxd4 8.
cxd4 O-O 9. Nb3 b6 10. Bg5 Ne4 11. Bxe7 Qxe7 12. Nbd2 f5 13. Rc1 Bb7 14. a3
Rac8 15. e3 Ba6 16. Re1 Na5 17. Bf1 Rxc1 18. Qxc1 Rc8 19. Bxa6 Rxc1 20. Rxc1 h5
21. Nxe4 fxe4 22. Ne5 Nb3 23. Rc8+ Kh7 24. Rh8+ 1-0

[Event "15. Sparkassen Open 2016 - Gruppe B"]
[Site "Forchheim"]
[Date "2016.10.02"]
[Round "4.4"]
[White "Pohl, Steffen"]
[Black "Petrashov, Alexander"]
[Result "1-0"]
[WhiteElo "1884"]
[BlackElo "1785"]
[PlyCount "111"]
[EventDate "2016.??.??"]
[WhiteTeam "SK Schwanstetten"]
[BlackTeam "SC Noris-Tarrasch Nürnberg"]

1. Nc3 e6 2. d4 d5 3. Bf4 c6 4. e3 Nf6 5. Nf3 Bb4 6. Bd3 Qa5 7. O-O Bxc3 8.
bxc3 O-O 9. g4 Nbd7 10. Ne5 Ne4 11. f3 Nxc3 12. Qe1 Qa3 13. Qh4 f5 14. Nxd7
Bxd7 15. gxf5 exf5 16. Kh1 Rae8 17. Rg1 Qe7 18. Rxg7+ Qxg7 19. Rg1 Rf7 20. Be5
Qxg1+ 21. Kxg1 Re6 22. Kf1 Nxa2 23. Qg5+ Kf8 24. c4 Nc3 25. Qd8+ Be8 26. Qa5
dxc4 27. Bxc4 Nd5 28. Bxd5 cxd5 29. Qxd5 Rb6 30. Kf2 Rc6 31. Qd8 Rd7 32. Qg5
Rf7 33. d5 Rg6 34. Qf4 b5 35. Qb4+ Kg8 36. d6 Re6 37. Bc3 h6 38. Qd4 Rh7 39.
Qd5 Bd7 40. Bf6 Rf7 41. Be7 Kh7 42. Qb7 Rexe7 43. dxe7 Rxe7 44. Qxa7 Kg7 45.
Qd4+ Kh7 46. Qd6 Rf7 47. h4 Rg7 48. e4 fxe4 49. fxe4 Be8 50. e5 Rd7 51. Qb4 Rg7
52. e6 Rg8 53. Qe7+ Kg6 54. Ke3 Kf5 55. Qh7+ Rg6 56. h5 1-0

[Event "15. Sparkassen Open 2016 - Gruppe B"]
[Site "Forchheim"]
[Date "2016.10.02"]
[Round "4.5"]
[White "Wiesner, Frank"]
[Black "Spangenberg, Romy"]
[Result "1/2-1/2"]
[WhiteElo "1874"]
[BlackElo "1862"]
[PlyCount "96"]
[EventDate "2016.??.??"]
[WhiteTeam "SK Wernau"]
[BlackTeam "SC Leipzig-Lindenau"]

1. c4 e5 2. Nc3 Nf6 3. e4 Be7 4. d3 O-O 5. Be2 c6 6. f4 d6 7. Nf3 Nbd7 8. f5
Nb6 9. O-O Re8 10. a4 a5 11. Kh1 Bf8 12. Bg5 d5 13. Qb3 d4 14. Nd1 Nbd7 15. g4
Nc5 16. Qc2 Qd6 17. Rg1 Nfxe4 18. dxe4 d3 19. Bxd3 Qxd3 20. Qxd3 Nxd3 21. Ne1
Nxe1 22. Rxe1 Bb4 23. Nc3 f6 24. Be3 c5 25. Red1 Bxc3 26. bxc3 b6 27. Kg2 Bb7
28. Kf3 Ba6 29. Rd6 Bxc4 30. Rxb6 Rec8 31. Rd1 Rc7 32. h4 h6 33. Rdd6 Kf7 34.
g5 hxg5 35. hxg5 fxg5 36. Bxg5 Rh8 37. Kg3 Rh1 38. Be3 Ra1 39. Rbc6 Rxc6 40.
Rxc6 Rxa4 41. Rc7+ Kg8 42. Rxc5 Bd3 43. Rxe5 Rxe4 44. Rxe4 Bxe4 45. Kf4 Bd3 46.
Ke5 Kf7 47. Bb6 a4 48. Bc5 Bf1 1/2-1/2

[Event "15. Sparkassen Open 2016 - Gruppe B"]
[Site "Forchheim"]
[Date "2016.10.02"]
[Round "4.6"]
[White "Lutter, Maximilian"]
[Black "Koelbl, Wolfgang"]
[Result "1-0"]
[WhiteElo "1842"]
[BlackElo "1815"]
[PlyCount "34"]
[EventDate "2016.??.??"]
[WhiteTeam "SK Neumarkt"]
[BlackTeam "SK Klosterlechfeld"]

1. d4 d5 2. c4 e6 3. Nc3 c6 4. e4 dxe4 5. Nxe4 Bb4+ 6. Nc3 Bxc3+ 7. bxc3 Nf6 8.
Nf3 Qa5 9. Qb3 O-O 10. Bd3 Nbd7 11. O-O Re8 12. Bf4 b6 13. Ne5 Bb7 14. Rfe1
Rad8 15. Bg5 Rc8 16. Bxf6 Nxf6 17. c5 Ba6 1-0

[Event "15. Sparkassen Open 2016 - Gruppe B"]
[Site "Forchheim"]
[Date "2016.10.02"]
[Round "4.7"]
[White "Zirlik, Rudi"]
[Black "Pikal, Alexander"]
[Result "0-1"]
[WhiteElo "1873"]
[BlackElo "1962"]
[PlyCount "54"]
[EventDate "2016.??.??"]
[WhiteTeam "SV Unterkochen"]
[BlackTeam "SC Ansbach"]

1. d4 d5 2. g3 Nf6 3. Bg2 g6 4. c4 c6 5. Nc3 dxc4 6. e3 Bg7 7. Qa4 O-O 8. Qxc4
Nbd7 9. Nge2 e5 10. O-O exd4 11. Nxd4 Ne5 12. Qe2 Re8 13. Rd1 Qb6 14. Na4 Qa5
15. b3 Bg4 16. f3 Bd7 17. Bd2 Qd8 18. Rac1 Qe7 19. e4 Rad8 20. Bg5 Bc8 21. f4
Bg4 22. Qf2 Bxd1 23. fxe5 Qxe5 24. Bxf6 Qxf6 25. Qxf6 Bxf6 26. Rxd1 Bxd4+ 27.
Rxd4 b5 0-1

[Event "15. Sparkassen Open 2016 - Gruppe B"]
[Site "Forchheim"]
[Date "2016.10.02"]
[Round "4.8"]
[White "Wieczorek, Heinz"]
[Black "Walter, Stefan"]
[Result "1/2-1/2"]
[WhiteElo "1793"]
[BlackElo "1934"]
[PlyCount "33"]
[EventDate "2016.??.??"]
[WhiteTeam "SW Nürnberg Süd"]
[BlackTeam "SGem Fürth"]

1. e4 c5 2. Nf3 Nc6 3. d4 cxd4 4. Nxd4 e5 5. Nb5 d6 6. N1c3 a6 7. Na3 b5 8. Nd5
Nce7 9. c4 Nxd5 10. Qxd5 Be6 11. Qd3 bxc4 12. Nxc4 Nf6 13. Bg5 Be7 14. Bxf6
gxf6 15. Be2 d5 16. exd5 Bxd5 17. O-O 1/2-1/2

[Event "15. Sparkassen Open 2016 - Gruppe B"]
[Site "Forchheim"]
[Date "2016.10.02"]
[Round "4.9"]
[White "Zeltner, Ottmar"]
[Black "Gerlach, Florian"]
[Result "1/2-1/2"]
[WhiteElo "1971"]
[BlackElo "1855"]
[PlyCount "74"]
[EventDate "2016.??.??"]
[WhiteTeam "SK Rothenburg"]
[BlackTeam "SK Weilheim"]

1. e4 e6 2. d4 d5 3. Nc3 Nf6 4. e5 Nfd7 5. f4 c5 6. Nf3 Nc6 7. Be3 cxd4 8. Nxd4
Bc5 9. Nce2 O-O 10. Qd2 Nxd4 11. Nxd4 a6 12. O-O-O Qe7 13. Bd3 f6 14. Nf3 Bxe3
15. Qxe3 Nc5 16. exf6 Nxd3+ 17. Qxd3 Qxf6 18. g3 Bd7 19. Rhe1 Rfe8 20. Qd4 Rac8
21. Ne5 Bc6 22. Re3 Qd8 23. Kb1 Qa5 24. Ra3 Qb5 25. Re3 Qa5 26. Rde1 Bb5 27. h4
Qc7 28. c3 Qc5 29. Rd1 Qxd4 30. Rxd4 a5 31. a4 Bc6 32. Ka2 Kf8 33. Ka3 b6 34.
Nf3 Bd7 35. Ne5 Bc6 36. Nxc6 Rxc6 37. Re5 Kf7 1/2-1/2

[Event "15. Sparkassen Open 2016 - Gruppe B"]
[Site "Forchheim"]
[Date "2016.10.02"]
[Round "4.12"]
[White "Mantel, Hubert"]
[Black "Hafensteiner, Tim"]
[Result "1/2-1/2"]
[WhiteElo "1787"]
[BlackElo "1822"]
[PlyCount "74"]
[EventDate "2016.??.??"]
[WhiteTeam "Zabo-Eintracht Nürnberg"]
[BlackTeam "Biebertaler SF"]

1. b4 Nf6 2. Bb2 d5 3. e3 Bf5 4. Nf3 c6 5. a4 Nbd7 6. Be2 Qc7 7. O-O e5 8. b5
Bd6 9. h3 O-O 10. d3 h6 11. Nbd2 Bh7 12. c4 c5 13. Qb3 d4 14. e4 Rfe8 15. Nh2
Nf8 16. Ng4 N6d7 17. Nh2 Ng6 18. Bg4 Ndf8 19. a5 Ne7 20. Nhf3 g6 21. Nh4 f5 22.
exf5 gxf5 23. Bh5 Bg6 24. Qd1 Kh7 25. Qf3 Qd7 26. Nxg6 Nfxg6 27. Ne4 Rf8 28.
Nxd6 Qxd6 29. Bxg6+ Nxg6 30. Qxb7+ Kh8 31. Bc1 f4 32. Bd2 Rfb8 33. Qf3 Rg8 34.
Qh5 Kh7 35. Rae1 Qf6 36. Kh1 Rg7 37. Rg1 Rag8 1/2-1/2

[Event "15. Sparkassen Open 2016 - Gruppe B"]
[Site "Forchheim"]
[Date "2016.10.02"]
[Round "4.13"]
[White "Werner, Denis"]
[Black "Üstün, Engin"]
[Result "0-1"]
[WhiteElo "1595"]
[BlackElo "1795"]
[PlyCount "74"]
[EventDate "2016.??.??"]
[WhiteTeam "SC Garching"]

1. e4 c5 2. Nf3 d6 3. c3 Nf6 4. Be2 Nc6 5. d4 cxd4 6. cxd4 e6 7. Nc3 Be7 8. O-O
O-O 9. Be3 a6 10. Qd2 b5 11. d5 Ne5 12. Rfd1 Nxf3+ 13. Bxf3 e5 14. Rac1 Ng4 15.
Bxg4 Bxg4 16. f3 Bd7 17. Rc2 f5 18. Rdc1 f4 19. Bf2 g5 20. Ne2 Qe8 21. Rc7 Bd8
22. R7c2 h5 23. Qb4 Qg6 24. Kh1 g4 25. b3 Rf7 26. Rg1 Rc8 27. Rxc8 Bxc8 28. Qc3
Bd7 29. Ba7 g3 30. hxg3 fxg3 31. Bb8 Qg5 32. Rc1 Bb6 33. Qc8+ Bxc8 34. Rxc8+
Kg7 35. Ng1 Qe3 36. Nh3 Qe1+ 37. Ng1 Qxg1# 0-1

[Event "15. Sparkassen Open 2016 - Gruppe B"]
[Site "Forchheim"]
[Date "2016.10.02"]
[Round "4.14"]
[White "Schlötterer, Hermann"]
[Black "Meyer, Robert"]
[Result "1-0"]
[WhiteElo "1843"]
[BlackElo "1748"]
[PlyCount "63"]
[EventDate "2016.??.??"]
[WhiteTeam "Zabo-Eintracht Nürnberg"]
[BlackTeam "SC Stein"]

1. d4 d5 2. g3 g6 3. Bg2 Bg7 4. Nf3 Nf6 5. c4 c6 6. O-O O-O 7. Nc3 e6 8. Bg5 h6
9. Bf4 Nbd7 10. Qd2 Kh7 11. Bd6 Rh8 12. Rfe1 Ne8 13. Ba3 dxc4 14. e4 Bf8 15.
Rad1 Bxa3 16. bxa3 Ng7 17. e5 Nf5 18. Ne4 Kg7 19. h4 b5 20. Bh3 Ne7 21. Nd6 Nd5
22. Nh2 a5 23. Ng4 h5 24. Ne3 c3 25. Qe2 Ba6 26. Qf3 Rf8 27. Nxd5 cxd5 28. Qxc3
Nb6 29. Rb1 Nc4 30. Nxb5 Qe7 31. a4 Rfc8 32. Qd3 1-0

[Event "15. Sparkassen Open 2016 - Gruppe B"]
[Site "Forchheim"]
[Date "2016.10.02"]
[Round "4.15"]
[White "Faust, Bernhard"]
[Black "Nitzsche, Pia"]
[Result "1-0"]
[WhiteElo "1775"]
[BlackElo "1669"]
[PlyCount "55"]
[EventDate "2016.??.??"]
[WhiteTeam "SK Rothenburg"]
[BlackTeam "Chemnitzer SC Aufbau"]

1. d4 Nf6 2. c4 g6 3. Nc3 Bg7 4. e4 d6 5. Nf3 O-O 6. Be2 c5 7. d5 Na6 8. O-O
Nc7 9. Qd2 a6 10. a4 Rb8 11. Rb1 Bd7 12. Re1 b5 13. axb5 axb5 14. b3 b4 15. Nd1
Nxe4 16. Bb2 Nf6 17. Bd3 Re8 18. Ne3 Rc8 19. Rbd1 Na8 20. Ng5 Qb6 21. f4 e6 22.
dxe6 Bxe6 23. f5 Bd7 24. fxg6 hxg6 25. Bxg6 Rf8 26. Bh7+ Kh8 27. Bxf6 Bxf6 28.
Bg8 1-0

[Event "15. Sparkassen Open 2016 - Gruppe B"]
[Site "Forchheim"]
[Date "2016.10.02"]
[Round "4.16"]
[White "Sindermann, Peter"]
[Black "Walter, Manfred"]
[Result "0-1"]
[WhiteElo "1964"]
[BlackElo "1750"]
[PlyCount "48"]
[EventDate "2016.??.??"]
[WhiteTeam "SK Weilheim"]
[BlackTeam "SV Lauf"]

1. c4 f5 2. d4 Nf6 3. Nc3 g6 4. Nf3 Bg7 5. Bf4 d6 6. g3 O-O 7. Bg2 c6 8. O-O
Qe8 9. Re1 Nh5 10. Bd2 e5 11. d5 e4 12. Ng5 h6 13. Nh3 g5 14. Qc1 Qg6 15. f3
exf3 16. exf3 f4 17. g4 Bd4+ 18. Kh1 Nf6 19. Ne4 Nxg4 20. fxg4 f3 21. Bf1 f2
22. Nhxf2 Bxf2 23. Nxf2 Rxf2 24. Bg2 Rxg2 0-1

[Event "15. Sparkassen Open 2016 - Gruppe B"]
[Site "Forchheim"]
[Date "2016.10.02"]
[Round "4.18"]
[White "Doll, Alexander"]
[Black "Rieber, René"]
[Result "0-1"]
[WhiteElo "1484"]
[BlackElo "1898"]
[PlyCount "68"]
[EventDate "2016.??.??"]
[WhiteTeam "SC Untergrombach"]
[BlackTeam "SC Ansbach"]

1. e4 d5 2. exd5 Nf6 3. c4 c6 4. d4 cxd5 5. Nc3 g6 6. cxd5 Bg7 7. Qb3 O-O 8.
Nge2 Nbd7 9. g3 Qb6 10. Qxb6 Nxb6 11. Bg2 Rd8 12. Nf4 g5 13. Nfe2 h6 14. h4 g4
15. Nf4 h5 16. O-O Bf5 17. Re1 Rd7 18. b3 Rc8 19. Bb2 Bh6 20. Rac1 Bxf4 21.
gxf4 Nfxd5 22. Bxd5 Nxd5 23. Nxd5 Rxc1 24. Nxe7+ Rxe7 25. Rxc1 Re2 26. Ba3 Rxa2
27. Bd6 f6 28. Re1 Kg7 29. Re8 Rd2 30. Re7+ Kg6 31. Re8 Rxd4 32. Bc5 Rd1+ 33.
Kh2 b6 34. Be3 Kf7 0-1

[Event "15. Sparkassen Open 2016 - Gruppe B"]
[Site "Forchheim"]
[Date "2016.10.02"]
[Round "4.19"]
[White "Wulf, Jürgen"]
[Black "Gampper, Steffen"]
[Result "1-0"]
[WhiteElo "1932"]
[BlackElo "1700"]
[PlyCount "65"]
[EventDate "2016.??.??"]
[WhiteTeam "SK Markdorf"]
[BlackTeam "SC Murrhardt"]

1. Nf3 d5 2. d4 c6 3. c4 e6 4. Nc3 f5 5. Bf4 Nf6 6. e3 Bd6 7. Ne5 O-O 8. Be2
Ne4 9. Qc2 a6 10. c5 Bc7 11. h4 Nd7 12. Nd3 Bxf4 13. Nxf4 Qe7 14. Bd3 e5 15.
Nfe2 Nxc3 16. Qxc3 e4 17. Bc2 Nf6 18. Nf4 Ne8 19. O-O-O Nc7 20. f3 Ne6 21. Ne2
Nc7 22. Rdg1 Bd7 23. fxe4 fxe4 24. g4 Ne6 25. g5 Rf2 26. Bd1 Raf8 27. Qe1 Be8
28. Ng3 Qc7 29. Bg4 Bd7 30. Nh5 Nxc5 31. dxc5 Bxg4 32. Rxg4 Qe5 33. Nf6+ 1-0

[Event "15. Sparkassen Open 2016 - Gruppe B"]
[Site "Forchheim"]
[Date "2016.10.02"]
[Round "4.20"]
[White "Spieker, Hans-Joachim"]
[Black "Mooser, Nicolas"]
[Result "1-0"]
[WhiteElo "1890"]
[BlackElo "1832"]
[PlyCount "103"]
[EventDate "2016.??.??"]
[WhiteTeam "Hamelner SV"]
[BlackTeam "PSV Dorfen"]

1. Nf3 d5 2. c4 e6 3. g3 c6 4. b3 Nf6 5. Bg2 Be7 6. O-O O-O 7. Bb2 Nbd7 8. d3
b6 9. Nbd2 Bb7 10. a3 c5 11. cxd5 Bxd5 12. Nc4 Rc8 13. Rb1 a6 14. Qd2 b5 15.
Ne3 Bb7 16. b4 Nb8 17. Rfc1 cxb4 18. Rxc8 Qxc8 19. Rc1 Qd8 20. axb4 Nc6 21. Bc3
Qd7 22. Qb2 Rc8 23. Ra1 Qd6 24. Ne5 Nd8 25. Bxb7 Nxb7 26. N5g4 Nxg4 27. Nxg4
Bf8 28. Be5 Qc6 29. Ne3 Nd6 30. Qa3 Ra8 31. Bd4 Nf5 32. Nxf5 exf5 33. Rc1 Qd5
34. Bc5 Qe5 35. e3 Qd5 36. d4 g6 37. Bxf8 Kxf8 38. Rc7 Qd6 39. Qc3 Kg7 40. Rc6
Qf8 41. d5+ Kg8 42. d6 Qe8 43. Qc5 Qe4 44. Rc8+ Rxc8 45. Qxc8+ Kg7 46. Qc3+ Kh6
47. Qd4 Qc6 48. h4 Qc1+ 49. Kg2 Qc6+ 50. Kh2 Qc2 51. Qf4+ Kg7 52. d7 1-0

[Event "15. Sparkassen Open 2016 - Gruppe B"]
[Site "Forchheim"]
[Date "2016.10.02"]
[Round "4.21"]
[White "Lutz, Ruben"]
[Black "Grasser, Stefan"]
[Result "1-0"]
[WhiteElo "1846"]
[BlackElo "1756"]
[PlyCount "69"]
[EventDate "2016.??.??"]
[WhiteTeam "USV TU Dresden"]
[BlackTeam "SV Hellern"]

1. d4 Nf6 2. Nf3 e6 3. Bg5 Be7 4. Nbd2 d5 5. e3 a6 6. Bd3 b5 7. c3 Nbd7 8. a4
b4 9. cxb4 Bxb4 10. O-O Bb7 11. Nb3 c5 12. dxc5 Nxc5 13. Nxc5 Bxc5 14. Rc1 Bd6
15. Nd2 h6 16. Bh4 g5 17. Bg3 h5 18. Bxd6 Qxd6 19. Qf3 Qe7 20. Qg3 e5 21. f3
Rg8 22. e4 h4 23. Qf2 d4 24. Rc2 Rc8 25. Rxc8+ Bxc8 26. Rc1 Bb7 27. Qf1 Rg6 28.
Bxa6 Kf8 29. Bxb7 Qxb7 30. Rc2 Qa7 31. Rc8+ Kg7 32. Qc4 d3+ 33. Qc5 Qxc5+ 34.
Rxc5 g4 35. Rxe5 1-0

[Event "15. Sparkassen Open 2016 - Gruppe B"]
[Site "Forchheim"]
[Date "2016.10.02"]
[Round "4.22"]
[White "Nahlik, Bernhard"]
[Black "Knauer, Olaf"]
[Result "1/2-1/2"]
[WhiteElo "1600"]
[BlackElo "1834"]
[PlyCount "47"]
[EventDate "2016.??.??"]
[WhiteTeam "SC Ansbach"]
[BlackTeam "SK Weidhausen"]

1. d4 d5 2. Nf3 Nf6 3. e3 c5 4. c3 e6 5. Bd3 Bd6 6. Nbd2 Nc6 7. O-O O-O 8. e4
dxe4 9. Nxe4 Nxe4 10. Bxe4 Qc7 11. dxc5 Bxc5 12. Qc2 f5 13. Bxc6 Qxc6 14. Bf4
Bd6 15. Bxd6 Qxd6 16. Rad1 Qe7 17. Ne5 a5 18. a4 Ra6 19. Rd4 Rd8 20. Rxd8+ Qxd8
21. Rd1 Rd6 22. Rxd6 Qxd6 23. Qe2 Kf8 24. h3 1/2-1/2

[Event "15. Sparkassen Open 2016 - Gruppe B"]
[Site "Forchheim"]
[Date "2016.10.02"]
[Round "4.24"]
[White "Großner, Josef"]
[Black "Schmitz, Tim"]
[Result "1/2-1/2"]
[WhiteElo "1888"]
[BlackElo "1808"]
[PlyCount "22"]
[EventDate "2016.??.??"]
[WhiteTeam "SF Fürth"]
[BlackTeam "SC Sendling"]

1. e4 c5 2. Nf3 d6 3. d4 cxd4 4. Nxd4 Nf6 5. Nc3 a6 6. Be2 e5 7. Nb3 Be7 8. O-O
O-O 9. f4 exf4 10. Bxf4 Nc6 11. Qd2 a5 1/2-1/2

[Event "15. Sparkassen Open 2016 - Gruppe B"]
[Site "Forchheim"]
[Date "2016.10.02"]
[Round "4.25"]
[White "Homi, Joseph"]
[Black "Mönius, Oliver"]
[Result "1-0"]
[WhiteElo "1787"]
[BlackElo "1787"]
[PlyCount "75"]
[EventDate "2016.??.??"]
[WhiteTeam "SGem Fürth"]
[BlackTeam "SC Höchstadt/Aisch"]

1. e4 e5 2. Nf3 Nf6 3. Bc4 d5 4. Bxd5 Nxd5 5. exd5 Qxd5 6. Nc3 Qa5 7. O-O Bd6
8. d3 O-O 9. h3 Nc6 10. a3 Nd4 11. Be3 c5 12. Ne4 Qc7 13. Nxd6 Qxd6 14. Nd2 b6
15. Nc4 Qf6 16. f4 exf4 17. Bxf4 Qh4 18. c3 Nc6 19. Qf3 Bd7 20. Bd6 Qg5 21.
Rae1 Qg6 22. Bxf8 Rxf8 23. Ne5 Nxe5 24. Rxe5 Bc6 25. Qe2 Rd8 26. Rd1 Bb5 27.
Qg4 Qf6 28. Qg5 Qxg5 29. Rxg5 Bxd3 30. c4 Rd4 31. Rd5 Rxd5 32. cxd5 Bf5 33. Re1
Kf8 34. Kf2 h5 35. Kf3 g6 36. Kf4 f6 37. d6 Bd3 38. d7 1-0

[Event "15. Sparkassen Open 2016 - Gruppe B"]
[Site "Forchheim"]
[Date "2016.10.02"]
[Round "4.26"]
[White "Manco, Michela"]
[Black "Jülg, Gabriel"]
[Result "0-1"]
[WhiteElo "1665"]
[BlackElo "1821"]
[PlyCount "104"]
[EventDate "2016.??.??"]
[WhiteTeam "TV Tegernsee"]
[BlackTeam "SK Ettlingen"]

1. e4 c5 2. c3 d5 3. exd5 Qxd5 4. d4 cxd4 5. cxd4 Nf6 6. Nc3 Qd8 7. Nf3 Bg4 8.
Be2 e6 9. O-O Be7 10. Be3 O-O 11. h3 Bf5 12. Ne5 Nc6 13. Nxc6 bxc6 14. Bf3 Qc7
15. Rc1 Rab8 16. Qe2 Qb7 17. Bf4 Rfd8 18. Rfd1 Bd6 19. Be5 Nd5 20. Rd2 Nf4 21.
Qe3 Bxe5 22. dxe5 Rxd2 23. Qxd2 Nd3 24. Rf1 Nxb2 25. Qd6 Rc8 26. Ne2 Nc4 27.
Qd4 Nb6 28. Re1 Nd5 29. Qa4 g6 30. Nd4 c5 31. Nb3 Qb6 32. Qc4 Nb4 33. g4 Bd3
34. Qc3 c4 35. Qb2 Qa6 36. Nc5 Qa5 37. a3 Qxc5 38. axb4 Qb5 39. Qd4 a6 40. Qd6
Rb8 41. Kg2 Qb6 42. Ra1 Qxd6 43. exd6 Rd8 44. Rxa6 c3 45. Ra1 Rxd6 46. Rc1 c2
47. b5 Kf8 48. Bc6 Ke7 49. f3 f5 50. Kg3 e5 51. g5 Rd4 52. h4 Rb4 0-1

[Event "15. Sparkassen Open 2016 - Gruppe B"]
[Site "Forchheim"]
[Date "2016.10.02"]
[Round "4.28"]
[White "Kocak, Ediz"]
[Black "Loeke, Patrick"]
[Result "1-0"]
[WhiteElo "1819"]
[BlackElo "1921"]
[PlyCount "63"]
[EventDate "2016.??.??"]
[WhiteTeam "SW Nürnberg Süd"]
[BlackTeam "MSA Zugzwang"]

1. d4 d5 2. Bf4 Nf6 3. e3 c5 4. c3 Nc6 5. Bd3 c4 6. Bc2 Bg4 7. Nf3 e6 8. Nbd2
Bd6 9. Bg5 h6 10. Bh4 b5 11. e4 g5 12. Bg3 Be7 13. Qe2 dxe4 14. Nxe4 Nd5 15. h3
Bf5 16. Ne5 Nxe5 17. Bxe5 f6 18. Qh5+ Kd7 19. Bh2 Qe8 20. Qe2 Rc8 21. O-O Bxe4
22. Qxe4 Bd6 23. Bxd6 Kxd6 24. Rfe1 Qf7 25. b3 Nxc3 26. Qf3 Nd5 27. bxc4 Rxc4
28. Bb3 Rc3 29. Qe2 Qd7 30. Qb2 Rhc8 31. Bxd5 exd5 32. Qb4+ 1-0

[Event "15. Sparkassen Open 2016 - Gruppe B"]
[Site "Forchheim"]
[Date "2016.10.02"]
[Round "4.29"]
[White "Kohler, Alfred"]
[Black "Heckel, Wolfgang"]
[Result "1-0"]
[WhiteElo "1608"]
[BlackElo "1614"]
[PlyCount "73"]
[EventDate "2016.??.??"]
[WhiteTeam "SK Herzogenaurach"]
[BlackTeam "TSG Ellingen"]

1. d4 Nf6 2. Nf3 g6 3. c4 Bg7 4. Nc3 d5 5. Bf4 c6 6. e3 Nbd7 7. Bd3 O-O 8. O-O
b6 9. cxd5 Nxd5 10. Nxd5 cxd5 11. Rc1 e5 12. Nxe5 Nxe5 13. dxe5 Qe7 14. Bb5
Bxe5 15. Qxd5 Bxf4 16. exf4 Be6 17. Qe5 Rfd8 18. Rfd1 f6 19. Rxd8+ Rxd8 20. Qe2
Qd6 21. Bc4 Bxc4 22. Qxc4+ Kg7 23. Qc7+ Qd7 24. g3 Kh6 25. Qxd7 Rxd7 26. Rc2
Kg7 27. Kg2 h5 28. f3 Kh6 29. Re2 Rc7 30. Kh3 Rd7 31. a3 Rd6 32. Re7 a5 33. Rb7
Rc6 34. b4 axb4 35. axb4 Rd6 36. Kg2 Rd2+ 37. Kf1 1-0

[Event "15. Sparkassen Open 2016 - Gruppe B"]
[Site "Forchheim"]
[Date "2016.10.02"]
[Round "4.30"]
[White "Paeslack, Luis"]
[Black "Semenova, Alisa"]
[Result "*"]
[WhiteElo "1794"]
[BlackElo "1646"]
[PlyCount "61"]
[EventDate "2016.??.??"]
[WhiteTeam "SK Mainaschaff"]
[BlackTeam "SC Noris-Tarrasch Nürnberg"]

1. d4 d5 2. c4 e6 3. Nc3 c6 4. Nf3 f5 5. Bf4 Nf6 6. e3 Be7 7. Be2 O-O 8. O-O
Ne4 9. cxd5 exd5 10. Nd2 Nd7 11. f3 Nxd2 12. Qxd2 g5 13. Bg3 Qe8 14. Rab1 h5
15. b4 a6 16. a4 Qg6 17. h3 Nf6 18. b5 axb5 19. axb5 h4 20. Be5 g4 21. Kh1 Nh5
22. bxc6 bxc6 23. Rb6 Ng3+ 24. Bxg3 hxg3 25. Nxd5 Bd8 26. Nf4 Qh6 27. Rb2 Bc7
28. Bc4+ Kh7 29. Kg1 Bxf4 30. exf4 gxh3 31. gxh3 *

[Event "15. Sparkassen Open 2016 - Gruppe B"]
[Site "Forchheim"]
[Date "2016.10.02"]
[Round "4.31"]
[White "Dietlmeier, Tobias"]
[Black "Buzatu, Alexander"]
[Result "1/2-1/2"]
[WhiteElo "1595"]
[BlackElo "1580"]
[PlyCount "31"]
[EventDate "2016.??.??"]
[WhiteTeam "TV Tegernsee"]
[BlackTeam "SC Erlangen"]

1. d4 d5 2. Bf4 Nf6 3. c3 Bf5 4. e3 e6 5. Nd2 Bd6 6. Bg3 O-O 7. Ngf3 Nbd7 8.
Be2 Ne4 9. Nxe4 Bxe4 10. Bh4 b5 11. Ng5 Be7 12. Bd3 Bxg5 13. Bxg5 Bg6 14. O-O
Nb6 15. Bxb5 c6 16. Qf3 1/2-1/2

[Event "15. Sparkassen Open 2016 - Gruppe B"]
[Site "Forchheim"]
[Date "2016.10.02"]
[Round "4.32"]
[White "Hetzner, Hannes"]
[Black "Glück, Ulrich"]
[Result "1/2-1/2"]
[WhiteElo "1368"]
[BlackElo "1743"]
[PlyCount "30"]
[EventDate "2016.??.??"]
[WhiteTeam "SC Erlangen"]
[BlackTeam "MSA Zugzwang"]

1. e4 c5 2. Nf3 e6 3. d4 cxd4 4. Nxd4 a6 5. Nc3 Nc6 6. Be3 Nf6 7. Be2 Be7 8.
O-O O-O 9. f4 d6 10. Bf3 Qc7 11. Qd2 Rd8 12. Qf2 Rb8 13. Na4 Nxd4 14. Bxd4 Rf8
15. Ba7 Ra8 1/2-1/2

[Event "15. Sparkassen Open 2016 - Gruppe B"]
[Site "Forchheim"]
[Date "2016.10.02"]
[Round "4.33"]
[White "Schubert, Nikita"]
[Black "Rosenhain, Thomas"]
[Result "1/2-1/2"]
[WhiteElo "1775"]
[BlackElo "1860"]
[PlyCount "58"]
[EventDate "2016.??.??"]
[WhiteTeam "ESV Gera"]
[BlackTeam "Schachpinguine Berlin"]

1. d4 d5 2. Nf3 e6 3. g3 Nf6 4. Bg2 Be7 5. O-O O-O 6. c4 dxc4 7. Qc2 a6 8. Qxc4
Nbd7 9. Rd1 b5 10. Qc2 Bb7 11. a3 c5 12. dxc5 Bxc5 13. b4 Bb6 14. e3 Rc8 15.
Qe2 Rc7 16. Bb2 Qa8 17. Nc3 Rfc8 18. Rac1 Nf8 19. a4 bxa4 20. Nxa4 Ba7 21. Rxc7
Rxc7 22. Be5 Rc8 23. Bxf6 gxf6 24. Ne1 Bxg2 25. Nxg2 Qc6 26. Nb2 Rb8 27. Nd3 a5
28. bxa5 Qa4 29. Qd2 Rb5 1/2-1/2